A közúti szállítmányozási tenderekkel kapcsolatos problémák a Kühne+Nagel Kft. horizontján

Bibliográfiai részletek
Szerző: Czomba Tamás
További közreműködők: Tátrai Dr. Anna
Dokumentumtípus: Diplomadolgozat
Kulcsszavak:Tender
Beszerzés
Szállítmányozás
Közúti fuvarozás
Online Access:http://dolgozattar.uni-bge.hu/429

MARC

LEADER 00000nta a2200000 i 4500
001 dolg429
005 20150805125122.0
008 150305suuuu hu om 000 hun d
040 |a BGE Dolgozattár Repozitórium  |b hun 
041 |a hu 
100 1 |a Czomba Tamás 
245 1 2 |a A közúti szállítmányozási tenderekkel kapcsolatos problémák a Kühne+Nagel Kft. horizontján  |c Czomba Tamás  |h [elektronikus dokumentum] 
695 |a Tender 
695 |a Beszerzés 
695 |a Szállítmányozás 
695 |a Közúti fuvarozás 
700 1 |a Tátrai Dr. Anna  |e ths 
856 4 0 |u http://dolgozattar.uni-bge.hu/429/1/Szakdolgozat%20-%20%20Czomba%20Tamas%20SU0MKY.pdf  |z Dokumentum-elérés 
856 4 0 |u http://dolgozattar.uni-bge.hu/429/2/HivatalosBejegyzes.pdf  |z Dokumentum-elérés